| 000 | 00478nam a2200157Ia 4500 | ||
|---|---|---|---|
| 008 | 160316s2006 xxu||||| |||| 00| 0 eng d | ||
| 082 |
_a341.754000 _bDAS |
||
| 100 | _aDas Kasturi | ||
| 245 | _aGATS negotiations and India: Evolution and state of play | ||
| 250 | _a | ||
| 260 |
_aMew Delhi _bCentre for Trade and Development _c2006 |
||
| 300 |
_a72 _b _c |
||
| 365 | _b | ||
| 650 | _a1. GATS 2. Trade 3. Doha mandate 4. Services 5. Negotiations 6. India 7. WTO | ||
| 700 |
_a _a |
||
| 999 |
_c36691 _d36691 |
||